000 00368 a2200145 4500
001 63444
040 _cAnchieta - Pituba
100 _aAZEVEDO, Shirley Bomfim
240 1 0 _a1ª Avaliação de Língua Portuguesa, II Unidade
_lpor
245 1 0 _a1ª Avaliação de Língua Portuguesa, II Unidade
300 _a9
362 0 _a2017
650 4 _aLinguagem
942 _cBK
999 _c63444
_d63444